| 000 | 00585nam a2200193 a 4500 | ||
|---|---|---|---|
| 005 | 20221116063511.0 | ||
| 008 | 010716s1999 mx r 000 0 spa d | ||
| 020 | _a9701817745 (CNCA tapa dura) | ||
| 020 | _a970651192X (Océano tapa dura) | ||
| 035 | _aUPN01000109747 | ||
| 049 | _aCG | ||
| 050 | 4 |
_aPA25 B5.2 _bA7.7 |
|
| 245 | 0 | 0 |
_aArte de la biografía / _cestudio prel. de Hernán Díaz Arrieta. |
| 260 |
_aMéxico : _bCNCA : _bOcéano, _cc1999 |
||
| 300 | _axxxvi, 422 p. | ||
| 440 | 0 | _aBiblioteca universal | |
| 650 | 2 |
_aBiografía como forma literaria _94159 |
|
| 905 | _aLibro | ||
| 999 |
_c83657 _d83657 |
||